Annual review of entomology: T32

Salvato in:
Dettagli Bibliografici
Natura: Libro
Lingua:Undetermined
Pubblicazione: California Annual Reviews 1987
Soggetti:
Tags: Aggiungi Tag
Nessun Tag, puoi essere il primo ad aggiungerne! !
Thư viện lưu trữ: Trung tâm Học liệu Trường Đại học Cần Thơ
LEADER 00441nam a2200157Ia 4500
001 CTU_19362
008 210402s9999 xx 000 0 und d
082 |a 595.70076 
082 |b M685/T32 
245 0 |a Annual review of entomology: T32 
260 |a California 
260 |b Annual Reviews 
260 |c 1987 
650 |a entomology 
904 |i Nguyễn Quang Điền, 960601 
980 |a Trung tâm Học liệu Trường Đại học Cần Thơ